Xử lý nước cấp : Giáo trình dùng cho chuyên ngành cấp và thoát nước

Gorde:
Xehetasun bibliografikoak
Egile nagusia:  Nguyễn Ngọc Dung
Formatua: Sách
Hizkuntza:Undetermined
Argitaratua:  Xây dựng  2010
Gaiak:
Etiketak: Etiketa erantsi
Etiketarik gabe, Izan zaitez lehena erregistro honi etiketa jartzen!
Thư viện lưu trữ: Trung tâm Thư viện - Trường Đại học Công nghiệp TP. Hồ Chí Minh
LEADER 00555nam a2200157Ia 4500
001 UIH_07793
008 231011s9999 xx 000 0 und d
082 |a  628.1 
100 |a  Nguyễn Ngọc Dung 
245 0 |a  Xử lý nước cấp : Giáo trình dùng cho chuyên ngành cấp và thoát nước 
245 0 |c  Nguyễn Ngọc Dung 
260 |b  Xây dựng 
260 |c  2010 
650 |a  Nước;  
927 |a Sách 
980 |a Trung tâm Thư viện - Trường Đại học Công nghiệp TP. Hồ Chí Minh